Science Quiz

Random Science or Biology Quiz

Non-Mammals Starting with Ca-Cl Quiz Stats

 Plays Quiz not verified by Sporcle

Score 0/10 Timer 08:00
1 Play Today
% Correct
Clownfish
95.6%
Chicken
94.2%
Clam
94.2%
Centipede
89.1%
Chameleon
86.1%
Cardinal
84.7%
Caiman
61.3%
Carp
60.6%
Canary
39.4%
Caecilian
15.3%

You're not logged in!

Compare scores with friends on all Sporcle quizzes.
OR
Log In

Show Comments

Extras

Top Quizzes Today


Score Distribution

Your Account Isn't Verified!

In order to create a playlist on Sporcle, you need to verify the email address you used during registration. Go to your Sporcle Settings to finish the process.

Report this User

Report this user for behavior that violates our Community Guidelines.

Details: